Numéros 1 du Top 50 - Années 1980 - Statistiques

Statistiques générales
  • Ce quiz a été pris 99 fois
    93 depuis la dernière actualisation
  • Le résultat moyen est 42 sur 82
Statistiques - réponses
#1's Interprète % Correct
1 Jermaine Jackson et Pia Zadora
99%
3 Michael Jackson
99%
1 Daniel Balavoine
93%
1 Gold
93%
1 Jean-Jacques Goldman et Michael Jones
92%
1 Vanessa Paradis
92%
2 Jeanne Mas
91%
2 Lio
91%
1 Stéphanie de Monaco
89%
1 Madonna
87%
1 Scorpions
86%
1 Europe
84%
1 Gilbert Montagné
84%
1 Pierre Bachelet
83%
1 Images
82%
1 Julie Pietri
82%
1 Eurythmics
80%
1 Mylène Farmer
80%
1 Elsa
76%
1 Glenn Medeiros et Elsa
76%
1 Début de Soirée
74%
1 Roch Voisine
74%
1 David Bowie
70%
1 Sabrina
67%
1 Dorothée
66%
1 Peter et Sloane
64%
1 Stevie Wonder
64%
2 Jean-Luc Lahaye
63%
1 Herbert Léonard
62%
1 Philippe Lavil
62%
1 Rose Laurens
61%
1 Alain Bashung
59%
1 Guesch Patti
59%
1 Irene Cara
58%
1 Charles Aznavour
57%
1 Licence IV
57%
1 Claude Barzotti
55%
1 Florent Pagny
55%
1 Culture Club
50%
1 Francis Lalanne
50%
1 Kaoma
50%
1 Kim Wilde
50%
1 David Hallyday
49%
1 Ottawan
49%
1 Thierry Pastor
49%
1 Chagrin d'amour
47%
1 Opus
47%
1 USA for Africa
47%
1 Frankie Goes to Hollywood
45%
1 Los Lobos
45%
1 Kim Carnes
43%
1 Les Forbans
43%
1 J.J. Lionel
42%
1 Philippe Lafontaine
42%
1 The Buggles
42%
1 Ray Parker Jr.
41%
1 F.R. David
37%
1 Glenn Medeiros
37%
1 Madness
36%
1 Barbra Streisand
33%
1 Richard Sanderson
32%
1 Hervé Vilard
30%
1 Baltimora
29%
1 Paco
29%
1 Sandy
28%
1 Chanteurs sans frontières
26%
1 Avalanche
25%
1 Boney M.
24%
1 Imagination
24%
1 Al Corley
22%
1 Jairo
22%
1 Jive Bunny and The Mastermixers
17%
1 Century
16%
1 The Korgis
14%
1 The Art Company
13%
1 Jeane Manson
11%
1 MC Miker & DJ Sven
9%
1 The Shorts
8%
1 Nino de Angelo
7%
1 Break Machine
5%
1 Pop Concerto Orchestra
5%
1 Nikka Costa
4%
Aucun quiz correspondant
Distribution des résultats
% des personnes avec chaque résultat
Percentile par nombre de réponses
Votre historique - résultats
Vous n’avez pas pris ce quiz depuis la dernière actualisation